ősz ; akár ; kék madár ; kesztyűk időutazása ; csíkok [versek]
Elmentve itt :
| Szerző: | |
|---|---|
| Dokumentumtípus: | Cikk |
| Megjelent: |
2019
|
| Sorozat: | Tiszatáj
73 No. 11 |
| Kulcsszavak: | Magyar irodalom - vers |
| Online Access: | http://tiszataj.bibl.u-szeged.hu/25262 |
| LEADER | 00611nab a2200181 i 4500 | ||
|---|---|---|---|
| 001 | tisza25262 | ||
| 005 | 20200407085921.0 | ||
| 008 | 200407s2019 hu o 0|| hun d | ||
| 022 | |a 0133-1167 | ||
| 040 | |a SZTE Tiszatáj Archívum |b hun | ||
| 041 | |a hun | ||
| 100 | 1 | |a Boda Magdolna | |
| 245 | 1 | 0 | |a ősz ; akár ; kék madár ; kesztyűk időutazása ; csíkok [versek] |h [elektronikus dokumentum] / |c Boda Magdolna |
| 260 | |c 2019 | ||
| 300 | |a 3-6 | ||
| 490 | 0 | |a Tiszatáj |v 73 No. 11 | |
| 695 | |a Magyar irodalom - vers | ||
| 856 | 4 | 0 | |u http://tiszataj.bibl.u-szeged.hu/25262/1/tiszataj_2019_011_003-006.pdf |z Dokumentum-elérés |